00498nam a22001817a 450000500170000001000150001702000260003203500140005803700130007208200080008510000150009324500370010824600390014526000410018427000340022530000320025950000250029120180625144248.0 aENG-123270 a9789352830114c675.00 aEN-106802 bDBAD/PUB a515 aPrem Kumar aCalculus for JEE/cby Prem Kumar aCalculus for JEE Main and Advanced aNew DelhibS. Chand Publishingc2018 aRam Nagar,bNew Delhie110055 avarious pagings.c27cm(pbk) aIt includes appendix